Funkcionálne diferenciálne rovnice

Bibliographic Details
Main Authors: Marušiak, Pavol, 1935-2000 (Author), Olach, Rudolf, 1941- (Author)
Format: Book
Language:Slovak
PhysicalDescription:133 s. 25 cm
Published: Žilina Žilinská univerzita 2000
ISBN:8071007145
Series:Monografie / Žilinská univerzita
Subjects:

MARC

LEADER 00000nam a2200000 a 4500
001 vtls001411267
003 SK-MaSNL
005 20260301202214.0
008 240314s2000 xo a r y slo
015 |a SNBA2001/06-02086 
020 |a 8071007145 
035 |a SNK000365971 
035 |a urn:nbn:sk:snk-amkmod 
035 |a urn:nbn:sk:snk-am003u1h 
035 |a A41C7326-10C0-48AE-AE0F-BD4315C7FC69 
040 |a SNK  |b slo  |c SNK  |e AACR2 
041 0 |a slo 
044 |a xo  |c SK 
080 |a 517.96  |2 1981 
100 1 |a Marušiak, Pavol,  |d 1935-2000  |4 aut  |9 39531 
245 1 0 |a Funkcionálne diferenciálne rovnice  |c Pavol Marušiak, Rudolf Olach 
260 |a Žilina  |b Žilinská univerzita  |c 2000 
300 |a 133 s.  |c 25 cm 
490 1 |a Monografie / Žilinská univerzita 
504 |a Bibliogr. s. 128-133 
650 0 7 |a rovnice diferenciálne funkcionálne  |x monografie  |2 SNK  |9 583877 
655 7 |a príručky  |2 SNK  |9 74364 
700 1 |a Olach, Rudolf,  |d 1941-  |4 aut  |9 189076 
830 0 |a Monografie / Žilinská univerzita  |9 583878 
919 |a 80-7100-714-5 
958 |a OND 
958 |a TL 
958 |a NB 
999 |c 897976  |d 899906 
952 |t P60, <03>, [BOOK], {603}  |a SNK  |b SNK  |y PREZ  |7 0  |p 17A0295676  |o snkSC 104620  |i snkKSP 5218/2001  |0 0  |1 0  |4 0  |d 2001-04-18  |f 1  |l 0  |r 2025-09-25 00:00:00  |w 2026-02-24 
952 |t snkMAR 512   |a SNKUST  |b SNKUST  |y PREZ  |7 0  |p 17A0295677  |o snkSC 104620 D1  |i snkKSP 5219/2001  |0 0  |1 0  |4 0  |d 2001-04-18  |l 0  |r 2025-03-20 00:00:00  |w 2026-02-24